Indian education in ancient and later times : (Record no. 49747)
[ view plain ]
| 000 -LEADER | |
|---|---|
| fixed length control field | 00769nam a22002412a 4500 |
| 001 - CONTROL NUMBER | |
| control field | 49747 |
| 003 - CONTROL NUMBER IDENTIFIER | |
| rucl marc code | BD-RJUL |
| 005 - DATE AND TIME OF LATEST TRANSACTION | |
| control field | 20211209054725.0 |
| 008 - FIXED-LENGTH DATA ELEMENTS--GENERAL INFORMATION | |
| fixed length control field | 160822r19561938enk b 000 0 eng d |
| 035 ## - SYSTEM CONTROL NUMBER | |
| System control number | BD-RJUL 49867 |
| 040 ## - CATALOGING SOURCE | |
| Original cataloging agency | EEM |
| Transcribing agency | EEM |
| Modifying agency | EQO |
| Language of cataloging | eng |
| 041 ## - LANGUAGE CODE | |
| Language code of text/sound track or separate title | eng |
| 082 ## - DEWEY DECIMAL CLASSIFICATION NUMBER | |
| Edition number | 23 |
| Classification number | 370.954 |
| Author mark and year | KEI 1956 |
| 090 ## - LOCALLY ASSIGNED LC-TYPE CALL NUMBER (OCLC); LOCAL CALL NUMBER (OCLC) | |
| Classification number (OCLC) (R) ; Classification number, CALL (RLIN) (NR) | LA36 |
| Local cutter number (OCLC) ; Book number/undivided call number, CALL (RLIN) | .K4 1938 |
| 100 1# - MAIN ENTRY--PERSONAL NAME | |
| Personal name | Keay, F. E. |
| Fuller form of name | (Frank Ernest) |
| 9 (RLIN) | 149132 |
| 245 10 - TITLE STATEMENT | |
| Title | Indian education in ancient and later times : |
| Remainder of title | an inquiry into its origin, development and ideals / |
| Statement of responsibility, etc. | by F.E. Keay |
| 250 ## - EDITION STATEMENT | |
| Edition statement | [2d ed |
| 260 ## - PUBLICATION, DISTRIBUTION, ETC. (IMPRINT) | |
| Place of publication, distribution, etc. | London] : |
| Name of publisher, distributor, etc. | G. Cumberlege, Oxford University Press, |
| Date of publication, distribution, etc. | 1938 [reprint 1942-1956] |
| 300 ## - PHYSICAL DESCRIPTION | |
| Pagination | 197 p. ; |
| Size | 17 cm. |
| 504 ## - BIBLIOGRAPHY, ETC. NOTE | |
| Bibliography, etc | Includes bibliography |
| 650 #0 - SUBJECT ADDED ENTRY--TOPICAL TERM | |
| Topical term or geographic name as entry element | Education |
| Geographic subdivision | India |
| 9 (RLIN) | 149133 |
| 942 ## - ADDED ENTRY ELEMENTS (KOHA) | |
| Source of classification or shelving scheme | Dewey Decimal Classification |
| Koha item type | Books |
| Lost status | Source of classification or shelving scheme | Damaged status | Not for loan | Collection code | Permanent Location | Current Location | Shelving location | Date acquired | Source of acquisition | Cost, normal purchase price | Total Checkouts | Full call number | Date last seen | Copy number | Koha item type |
|---|---|---|---|---|---|---|---|---|---|---|---|---|---|---|---|
| Dewey Decimal Classification | Non-fiction | Central Library, University of Rajshahi | Central Library, University of Rajshahi | 22/08/2016 | Oxford University Press | 513.00 | 370.954 KEI 1956 | 22/08/2016 | C-2 | Books | |||||
| Dewey Decimal Classification | Non-fiction | Central Library, University of Rajshahi | Central Library, University of Rajshahi | 22/08/2016 | Oxford University Press | 513.00 | 370.954 KEI 1956 | 22/08/2016 | C-3 | Books | |||||
| Dewey Decimal Classification | Not For Loan | Non-fiction | Central Library, University of Rajshahi | Central Library, University of Rajshahi | Reading Room | 22/08/1955 | university book ./ | 5.80 | 370.954 KEI 1956 | 16/01/2017 | C-1 | Books |